|
|
|
|
| LEADER |
00000nam a2200000 i 4500 |
| 001 |
1/34091 |
| 008 |
941103s1985 gre d |
| 035 |
|
|
|a 1990
|l 10039547
|
| 040 |
|
|
|a GR-MY-UA
|b gre
|e aacr
|
| 041 |
0 |
|
|a gre
|
| 082 |
0 |
|
|a 889.1107
|
| 100 |
1 |
|
|a Σουρής, Γεώργιος Χ.,
|d 1853-1919.
|
| 245 |
1 |
2 |
|a Ο φασουλής φιλόσοφος και άλλα πόιήματα /
|c Γεωργίου Σουρή
|
| 260 |
|
|
|a Αθήνα :
|b Δωρικός,
|c 1985
|
| 300 |
|
|
|a 218 σ.;
|c 20 cm.
|
| 650 |
0 |
0 |
|a Verse satire, Greek (Modern)
|
| 650 |
0 |
0 |
|a Greek poetry.
|
| 650 |
0 |
0 |
|a Satire, Greek.
|
| 650 |
0 |
0 |
|a Verse satire.
|
| 852 |
|
|
|a INST
|b SAMOS
|e 19941103
|h 889.1107 ΣΟΥ
|p 005300000192
|q 005300000192
|t BK
|y 0
|
| 852 |
|
|
|a INST
|b SAMOS
|e 19941103
|h 889.1107 ΣΟΥ
|p 005300000193
|q 005300000193
|t BK
|y 0
|
| 909 |
|
|
|a Σ
|b 000270
|
| 909 |
|
|
|a Σ
|b 000272
|